[Event "Men Ch GroupA r_3"]
[Site "Albena BUL"]
[Date "2010.05.29"]
[Round "3.2"]
[White "Lilov, Valeri"]
[Black "Popchev, Milko"]
[Result "0-1"]
[WhiteElo "2415"]
[BlackElo "2499"]
[PlyCount "156"]
[EventDate "2010.05.27"]
[EventRounds "7"]
[EventCountry "BUL"]

1. e4 b6 2. d4 Bb7 3. Bd3 Nc6 4. c3 e5 5. Nf3 exd4 6. cxd4 Nb4 7. O-O Nxd3 8.
Qxd3 Ne7 9. Bf4 Ng6 10. Bg3 Be7 11. Nc3 O-O 12. d5 Re8 13. Rfe1 d6 14. Nb5 Bf6
15. Rac1 Re7 16. Nfd4 a6 17. Na3 Qd7 18. Nac2 a5 19. Nf5 Ree8 20. Ncd4 Bg5 21.
Rcd1 Bf6 22. f4 a4 23. Qc2 Ra5 24. Nf3 Rc5 25. Qb1 Bc8 26. Bf2 Nxf4 27. Bxc5
bxc5 28. Ne3 Ng6 29. Nc4 Ba6 30. b3 Rb8 31. Qc2 Bxc4 32. Qxc4 axb3 33. axb3 h6
34. h3 Rb4 35. Qc2 Qb5 36. Rb1 Ne5 37. Nxe5 Bxe5 38. Kh1 Qd7 39. Re3 Qe7 40.
Rf1 Qh4 41. Qe2 Bd4 42. Ref3 Be5 43. Re3 Qg5 44. Qf3 Qg6 45. Qe2 Bf6 46. Qd3
Rd4 47. Qa6 Kh7 48. Qc8 Rd2 49. g3 Bd4 50. Ref3 Qxe4 51. Qf5+ Qxf5 52. Rxf5 f6
53. R5f3 Be5 54. R1f2 Rxd5 55. Rc2 Rd4 56. Kg2 h5 57. Rc4 Rd1 58. Rc2 f5 59.
Re3 Kg6 60. g4 hxg4 61. hxg4 Rb1 62. Kf3 Kf7 63. Rc4 Ke6 64. Ra4 Kd5 65. Rd3+
Kc6 66. Ra6+ Kb5 67. Ra7 Kb6 68. Ra8 Rf1+ 69. Kg2 Rf4 70. Ra4 Rxa4 71. bxa4 c4
72. Rd2 Ka5 73. Ra2 c3 74. Kf3 d5 75. Ke2 c5 76. Kd1 c4 77. Kc2 d4 78. Kd1 d3
0-1

[Event "Men Ch GroupA r_3"]
[Site "Albena BUL"]
[Date "2010.05.29"]
[Round "3.2"]
[White "Genov, Petar"]
[Black "Manolov, Ivan"]
[Result "1-0"]
[WhiteElo "2438"]
[BlackElo "2266"]
[PlyCount "61"]
[EventDate "2010.05.27"]
[EventRounds "7"]
[EventCountry "BUL"]

1. d4 Nf6 2. Nf3 c5 3. d5 e6 4. c4 exd5 5. cxd5 d6 6. Nc3 g6 7. e4 Bg7 8. Bg5
h6 9. Bh4 a6 10. Nd2 b5 11. Be2 Nbd7 12. O-O O-O 13. Qc2 Re8 14. f4 Qc7 15. Bf3
Bb7 16. Rac1 Rac8 17. b3 Qb8 18. a4 Ba8 19. Bf2 g5 20. g3 Nf8 21. axb5 axb5 22.
Qd3 c4 23. bxc4 bxc4 24. Nxc4 gxf4 25. gxf4 Ng6 26. Ne2 Qb5 27. Rfd1 Qa6 28. e5
dxe5 29. fxe5 Nd7 30. e6 Ndf8 31. exf7+ 1-0

[Event "Men Ch GroupA r_3"]
[Site "Albena BUL"]
[Date "2010.05.29"]
[Round "3.2"]
[White "Andreev, Sasho"]
[Black "Berbatov, Kiprian"]
[Result "1-0"]
[WhiteElo "2194"]
[BlackElo "2471"]
[PlyCount "61"]
[EventDate "2010.05.27"]
[EventRounds "7"]
[EventCountry "BUL"]

1. d4 Nf6 2. c4 c5 3. d5 e6 4. Nc3 exd5 5. cxd5 d6 6. e4 g6 7. Be2 Bg7 8. Nf3
O-O 9. O-O Re8 10. Nd2 Na6 11. h3 Rb8 12. Re1 Nc7 13. a4 a6 14. a5 Bd7 15. f4
Nb5 16. Bf3 Nxc3 17. bxc3 Nxd5 18. exd5 Bxc3 19. Rxe8+ Qxe8 20. Ra3 Bb4 21. Ne4
Qd8 22. Re3 Bf5 23. Ng3 Bd7 24. Bb2 f5 25. Qe2 Bb5 26. Qf2 Qh4 27. Be2 c4 28.
Bd4 Bxa5 29. Re6 Rc8 30. Qe3 Kf8 31. Bf6 1-0

[Event "Men Ch GroupA r_3"]
[Site "Albena BUL"]
[Date "2010.05.29"]
[Round "3.2"]
[White "Ivanov, Jordan"]
[Black "Angelov, Angel"]
[Result "1-0"]
[WhiteElo "2429"]
[BlackElo "2227"]
[PlyCount "101"]
[EventDate "2010.05.27"]
[EventRounds "7"]
[EventCountry "BUL"]

1. d4 c5 2. d5 e5 3. e4 Nf6 4. Nc3 d6 5. Bb5+ Nbd7 6. a4 Be7 7. Nf3 O-O 8. O-O
a6 9. Bd3 Re8 10. a5 Nf8 11. Nd2 Bg4 12. f3 Bh5 13. Nc4 Bg6 14. Rb1 h5 15. f4
exf4 16. Bxf4 h4 17. e5 dxe5 18. Bxe5 Bh5 19. Qd2 Ng4 20. Rbe1 Bg5 21. Bf4 Bxf4
22. Qxf4 Qf6 23. Qxf6 Nxf6 24. Nd6 Rxe1 25. Rxe1 Rb8 26. Bf5 Bg6 27. Re7 Nxd5
28. Nxd5 Rd8 29. Bxg6 fxg6 30. Rxb7 Rxd6 31. c4 g5 32. Rb6 Re6 33. Kf2 Kf7 34.
b3 Re4 35. Rxa6 Rd4 36. Ke2 Re4+ 37. Ne3 Ne6 38. Rb6 g4 39. a6 Nf4+ 40. Kd2
Rd4+ 41. Kc2 Rd8 42. a7 Ra8 43. Rb7+ Kg6 44. g3 hxg3 45. hxg3 Ne2 46. Nxg4 Nd4+
47. Kb2 Nc6 48. Rb6 Kg5 49. Rxc6 Kxg4 50. Rg6+ Kf5 51. Rxg7 1-0

[Event "Men Ch GroupA r_3"]
[Site "Albena BUL"]
[Date "2010.05.29"]
[Round "3.2"]
[White "Dichev, Nedelcho"]
[Black "Andonov, Bogomil"]
[Result "1/2-1/2"]
[WhiteElo "2175"]
[BlackElo "2309"]
[PlyCount "112"]
[EventDate "2010.05.27"]
[EventRounds "7"]
[EventCountry "BUL"]

1. c4 e5 2. Nc3 d6 3. g3 f5 4. Bg2 Nf6 5. d3 Nc6 6. e4 Be7 7. Nge2 O-O 8. O-O
fxe4 9. dxe4 Bg4 10. f3 Be6 11. Nd5 Qd7 12. Be3 Rae8 13. Qd2 Bd8 14. Rad1 Ne7
15. b3 Nexd5 16. cxd5 Bh3 17. a4 Bxg2 18. Kxg2 a6 19. Qb4 Qc8 20. Rc1 Rf7 21.
Qxd6 Nxe4 22. Qb4 Nf6 23. Nc3 Qa8 24. Qc4 Kh8 25. Ne4 Rd7 26. Rfd1 Nxd5 27.
Rxd5 b5 28. Rxb5 axb5 29. Qxb5 Qd5 30. Qxd5 Rxd5 31. b4 Be7 32. b5 Bd8 33. Rc6
Rd3 34. Kf2 Ra3 35. Ra6 Be7 36. Rc6 Ra2+ 37. Bd2 Bb4 38. Ke3 Bxd2+ 39. Nxd2
Ra3+ 40. Ke4 Rxa4+ 41. Nc4 Rb4 42. Rc5 Rb8 43. Rxc7 R4xb5 44. Nxe5 Rb2 45. h4
Re2+ 46. Kf4 Kg8 47. Nc6 Rf8+ 48. Kg4 h6 49. f4 Re3 50. h5 Ra8 51. Ne7+ Kh8 52.
Nf5 Ree8 53. Rxg7 Rg8 54. Rg6 Kh7 55. Nh4 Ra5 56. Rxg8 Kxg8 1/2-1/2

[Event "Men Ch GroupA r_3"]
[Site "Albena BUL"]
[Date "2010.05.29"]
[Round "3.2"]
[White "Ninov, Nikolai"]
[Black "Vasilev, Milen"]
[Result "0-1"]
[WhiteElo "2524"]
[BlackElo "2468"]
[PlyCount "52"]
[EventDate "2010.05.27"]
[EventRounds "7"]
[EventCountry "BUL"]

1. e4 c5 2. Nf3 d6 3. d4 cxd4 4. Nxd4 Nf6 5. Nc3 g6 6. Be3 Bg7 7. f3 O-O 8. Qd2
Nc6 9. Bc4 Bd7 10. O-O-O Rb8 11. Bb3 Na5 12. Bh6 b5 13. Nd5 Nxd5 14. exd5 Nxb3+
15. Nxb3 Qc7 16. g4 Bxh6 17. Qxh6 Rfc8 18. Rd2 e5 19. dxe6 Bxe6 20. Re1 Qc4 21.
Kb1 a5 22. Qe3 a4 23. Nc1 b4 24. Qd4 Qc6 25. Re3 b3 26. Rc3 Qxc3 0-1

[Event "Men Ch GroupA r_3"]
[Site "Albena BUL"]
[Date "2010.05.29"]
[Round "3.3"]
[White "Simeonov, Stefan"]
[Black "Radulski, Julian"]
[Result "0-1"]
[WhiteElo "2373"]
[BlackElo "2593"]
[PlyCount "121"]
[EventDate "2010.05.27"]
[EventRounds "7"]
[EventCountry "BUL"]

1. e4 e5 2. Nf3 Nc6 3. Bb5 a6 4. Ba4 Nf6 5. O-O Be7 6. Re1 b5 7. Bb3 d6 8. c3
O-O 9. h3 Na5 10. Bc2 c5 11. d4 Qc7 12. Nbd2 Be6 13. d5 Bd7 14. b3 Rfb8 15. Nf1
g6 16. Ng3 Bf8 17. Bg5 Bg7 18. Qd2 Qc8 19. Nh2 Qf8 20. f4 h6 21. fxe5 dxe5 22.
Be3 Nb7 23. Rf1 c4 24. b4 a5 25. a3 Ra6 26. Nf3 Ne8 27. Rae1 axb4 28. axb4 Ra2
29. Qc1 Nbd6 30. Bb1 Ra1 31. Bc5 Qe7 32. Qd2 Rba8 33. Rf2 Qd8 34. Be3 Kh7 35.
Rff1 R8a6 36. Bc5 Bc8 37. Re2 Kg8 38. Ree1 R6a3 39. Re2 Qe7 40. Ree1 Kh7 41.
Re2 Bd7 42. Ree1 Qd8 43. Re2 Kg8 44. Ree1 Qa8 45. Kh2 Rb3 46. Bc2 Ra2 47. Rb1
Qa3 48. Bxb3 Rxd2 49. Nxd2 cxb3 50. Nxb3 h5 51. Bxd6 Nxd6 52. Nc5 h4 53. Ne2
Qa2 54. Rfe1 Bc8 55. Ng1 Bh6 56. Nf3 Qf2 57. Rf1 Qg3+ 58. Kh1 Bf4 59. Rbe1 Bxh3
60. gxh3 Qxh3+ 61. Kg1 0-1

[Event "Men Ch GroupA r_3"]
[Site "Albena BUL"]
[Date "2010.05.29"]
[Round "3.3"]
[White "Ilchev, Dimitar"]
[Black "Janev, Evgeni"]
[Result "0-1"]
[WhiteElo "2043"]
[BlackElo "2475"]
[PlyCount "48"]
[EventDate "2010.05.27"]
[EventRounds "7"]
[EventCountry "BUL"]

1. c4 e5 2. Nc3 Nf6 3. Nf3 Nc6 4. e4 d6 5. d4 Bg4 6. d5 Nd4 7. Be3 Be7 8. Bxd4
exd4 9. Qxd4 Bxf3 10. gxf3 O-O 11. Rg1 g6 12. O-O-O Nh5 13. Qd2 Bf6 14. Ne2 c6
15. Kb1 Qb6 16. Nd4 cxd5 17. cxd5 Rac8 18. Nb3 Be5 19. Rg4 a5 20. f4 Bg7 21. f3
a4 22. Nd4 Rc5 23. a3 Re8 24. Rg2 Bxd4 0-1

[Event "Men Ch GroupA r_3"]
[Site "Albena BUL"]
[Date "2010.05.29"]
[Round "3.3"]
[White "Kozhuharov, Spas"]
[Black "Rahnev, Alexander"]
[Result "1-0"]
[WhiteElo "2404"]
[BlackElo "2125"]
[PlyCount "111"]
[EventDate "2010.05.27"]
[EventRounds "7"]
[EventCountry "BUL"]

1. d4 d5 2. c4 c6 3. Nf3 Nf6 4. Nc3 e6 5. Bg5 Nbd7 6. cxd5 exd5 7. Qc2 Be7 8.
e3 O-O 9. Bd3 Re8 10. O-O Ne4 11. Bxe4 dxe4 12. Nxe4 Bxg5 13. Nexg5 Nf8 14. Ne4
Bf5 15. Nfd2 Qh4 16. f3 Rad8 17. Qc3 Bc8 18. Nc5 Rd6 19. Rf2 Ng6 20. b4 Ne7 21.
e4 Red8 22. Ncb3 Rg6 23. g3 Qh3 24. Qc5 Re8 25. Qxa7 f5 26. Qb8 Rf8 27. Qc7
fxe4 28. Qxe7 Re6 29. Qg5 e3 30. Re2 h6 31. Qg4 Qxg4 32. fxg4 exd2 33. Rxd2 Re3
34. Rf1 Rfe8 35. Na5 Bxg4 36. Nc4 Re2 37. Rfd1 Re1+ 38. Rxe1 Rxe1+ 39. Kf2 Rb1
40. Rb2 Rd1 41. Ke3 Be6 42. Na5 Ra1 43. Nxb7 Bxa2 44. Kf4 Kf8 45. b5 cxb5 46.
Rxb5 Rd1 47. Ke5 Ke7 48. d5 Re1+ 49. Kd4 Rd1+ 50. Ke4 Kd7 51. Ra5 Rd2 52. Ke5
Re2+ 53. Kf5 Bb1+ 54. Kf4 Rf2+ 55. Ke3 Rxh2 56. Ra6 1-0

[Event "Men Ch GroupA r_3"]
[Site "Albena BUL"]
[Date "2010.05.29"]
[Round "3.3"]
[White "Dimitrov, Marin"]
[Black "Bratanov, Zsivko"]
[Result "0-1"]
[WhiteElo "2097"]
[BlackElo "2490"]
[PlyCount "88"]
[EventDate "2010.05.27"]
[EventRounds "7"]
[EventCountry "BUL"]

1. d4 Nf6 2. c4 e6 3. Nc3 Bb4 4. g3 c5 5. Nf3 b6 6. Bg2 Bb7 7. O-O cxd4 8. Nb5
O-O 9. Bf4 Bxf3 10. Bxf3 Nc6 11. Nxd4 Rc8 12. Nxc6 dxc6 13. Qa4 Qe7 14. Bxc6 h6
15. Bf3 a5 16. a3 Bd6 17. Bxd6 Qxd6 18. Rac1 g5 19. b4 axb4 20. axb4 Qe5 21.
Rc2 Rc7 22. Qa6 Rfc8 23. Rfc1 Nd7 24. Rd1 Kg7 25. e3 Qf5 26. Rcd2 Qxf3 27. Rxd7
Rxd7 28. Rxd7 Ra8 29. b5 Rxa6 30. bxa6 Qa8 31. a7 g4 32. Kf1 h5 33. Ke2 Kg6 34.
Kd3 f5 35. Kc3 Qc8 36. Kb3 Qa6 37. Kc3 Kf6 38. Kd4 Qa1+ 39. Kd3 Ke5 40. Re7 Qa4
41. Kc3 Kd6 42. Rg7 Kc5 43. Re7 Qd1 44. Kb2 Qd8 0-1

[Event "Men Ch GroupA r_3"]
[Site "Albena BUL"]
[Date "2010.05.29"]
[Round "3.4"]
[White "Chatalbashev, Boris"]
[Black "Kolev, Atanas Tonchev"]
[Result "1-0"]
[WhiteElo "2593"]
[BlackElo "2038"]
[PlyCount "85"]
[EventDate "2010.05.27"]
[EventRounds "7"]
[EventCountry "BUL"]

1. c4 Nf6 2. Nc3 g6 3. e4 d6 4. d4 Bg7 5. Bg5 O-O 6. Qd2 Na6 7. Bd3 Qe8 8. Nge2
e5 9. d5 Nc5 10. Bc2 a5 11. f3 Nh5 12. g4 Nf4 13. Nxf4 exf4 14. Bxf4 f5 15.
gxf5 Bxf5 16. Bh6 Bh3 17. Bxg7 Kxg7 18. f4 Qf7 19. f5 gxf5 20. e5 Rae8 21. Rg1+
Kh8 22. e6 Nxe6 23. dxe6 Qxe6+ 24. Kd1 Qxc4 25. Bd3 Qd4 26. Kc2 f4 27. Nb5 Qf6
28. Rae1 c6 29. Rxe8 Rxe8 30. Qc3 Qxc3+ 31. Nxc3 d5 32. Kd2 b5 33. Ne2 f3 34.
Nf4 f2 35. Rc1 Bd7 36. Rf1 d4 37. Rxf2 c5 38. Nd5 c4 39. Rf7 cxd3 40. Nf6 Re2+
41. Kxd3 Rxh2 42. Rxd7 Rh3+ 43. Kxd4 1-0

[Event "Men Ch GroupA r_3"]
[Site "Albena BUL"]
[Date "2010.05.29"]
[Round "3.4"]
[White "Badev, Kiril"]
[Black "Petkov, Vladimir"]
[Result "1/2-1/2"]
[WhiteElo "2348"]
[BlackElo "2498"]
[PlyCount "40"]
[EventDate "2010.05.27"]
[EventRounds "7"]
[EventCountry "BUL"]

1. e4 e5 2. Nf3 Nc6 3. Bb5 Nf6 4. Nc3 Bc5 5. O-O d6 6. d4 exd4 7. Nxd4 Bd7 8.
Nf5 O-O 9. Bg5 Bxf5 10. exf5 Nd4 11. Bd3 d5 12. Bxf6 gxf6 13. Na4 Qd6 14. Qg4+
Kh8 15. Qh4 Kg7 16. Rfd1 Rfe8 17. Qg4+ Kh8 18. Qh4 Kg7 19. Qg4+ Kh8 20. Qh4 Kg7
1/2-1/2

[Event "Men Ch GroupA r_3"]
[Site "Albena BUL"]
[Date "2010.05.29"]
[Round "3.4"]
[White "Drenchev, Petar"]
[Black "Stoinev, Metodi"]
[Result "1/2-1/2"]
[WhiteElo "2492"]
[BlackElo "2295"]
[PlyCount "147"]
[EventDate "2010.05.27"]
[EventRounds "7"]
[EventCountry "BUL"]

1. e4 e5 2. Nf3 Nc6 3. d4 exd4 4. Nxd4 Bc5 5. Nxc6 Qf6 6. Qf3 dxc6 7. Bc4 Be6
8. Qxf6 Nxf6 9. Bxe6 fxe6 10. f3 O-O-O 11. Nd2 b5 12. Nb3 Bb6 13. Ke2 e5 14.
Be3 Nd7 15. a4 h6 16. Bd2 Nc5 17. Nxc5 Bxc5 18. Rhd1 Kb7 19. Bc3 Bd6 20. Rd3 a6
21. b3 Rde8 22. h4 Re6 23. Rh1 h5 24. Bd2 g6 25. Be3 Be7 26. g3 Rb8 27. Ra1 Kc8
28. Bg5 Bd6 29. axb5 axb5 30. Ra7 Rb7 31. Ra8+ Rb8 32. Rxb8+ Kxb8 33. Be3 Kb7
34. c4 c5 35. Rd5 Kc6 36. Kd3 Re8 37. f4 bxc4+ 38. bxc4 exf4 39. gxf4 Be7 40.
f5 gxf5 41. Rxf5 Rh8 42. Bf2 Kd7 43. Ke2 Ke6 44. Rd5 c6 45. Rf5 Rh7 46. Be1 Rh8
47. Bg3 Rh7 48. Re5+ Kd7 49. Kf3 Rh8 50. Rf5 Ke6 51. Kg2 Ra8 52. Rxh5 Ra4 53.
Rh6+ Kf7 54. Rxc6 Rxc4 55. Kf3 Rc1 56. h5 c4 57. Be5 Rh1 58. h6 Bg5 59. Bg7 c3
60. Rc7+ Kg6 61. Bxc3 Kxh6 62. Bd4 Rd1 63. Rc6+ Kh5 64. Rd6 Rd3+ 65. Ke2 Rd2+
66. Ke1 Bf4 67. Rd5+ Kg4 68. Bc3 Rc2 69. Rd3 Rh2 70. Kd1 Rh1+ 71. Kc2 Rh2+ 72.
Kb3 Rh3 73. Rd4 Kf3 74. Rc4 1/2-1/2

[Event "Men Ch GroupA r_3"]
[Site "Albena BUL"]
[Date "2010.05.29"]
[Round "3.4"]
[White "Mishev, Liubomir"]
[Black "Mrdja, Milan"]
[Result "0-1"]
[WhiteElo "2189"]
[BlackElo "2383"]
[PlyCount "88"]
[EventDate "2010.05.27"]
[EventRounds "7"]
[EventCountry "BUL"]

1. e4 c5 2. Nf3 e6 3. d4 cxd4 4. Nxd4 a6 5. Bd3 Nf6 6. O-O Qc7 7. Qe2 d6 8. c4
Nbd7 9. Nc3 g6 10. b3 Bg7 11. Bb2 O-O 12. Rad1 b6 13. Kh1 Bb7 14. Bb1 Rfe8 15.
Nf3 Rad8 16. Rfe1 Nc5 17. b4 Ncd7 18. Qf1 Ng4 19. Rc1 Rc8 20. Nd1 Nge5 21. Nd2
f5 22. exf5 gxf5 23. Re3 Kh8 24. Rh3 Re7 25. Ne3 Ng6 26. Bxg7+ Rxg7 27. f4 Nf6
28. Qf2 d5 29. Bxf5 exf5 30. Nxf5 Rf7 31. c5 d4 32. Nh6 Rff8 33. f5 Nf4 34. Rg3
Nxg2 35. Rxg2 Qg7 36. Nf3 Qxh6 37. Rc4 Qe3 38. Kg1 Qxf3 39. Qxf3 Bxf3 40. Rg3
Bd5 41. Rxd4 bxc5 42. bxc5 Rxc5 43. Ra3 Rc2 44. Rxa6 Rb8 0-1

[Event "Men Ch GroupA r_3"]
[Site "Albena BUL"]
[Date "2010.05.29"]
[Round "3.4"]
[White "Dobrev, Nanko"]
[Black "Karakehajov, Kalin"]
[Result "1-0"]
[WhiteElo "2396"]
[BlackElo "2505"]
[PlyCount "127"]
[EventDate "2010.05.27"]
[EventRounds "7"]
[EventCountry "BUL"]

1. d4 d5 2. Nf3 e6 3. Bf4 Bd6 4. e3 Nf6 5. Bd3 O-O 6. O-O b6 7. Ne5 c5 8. c3
Ba6 9. Bxa6 Nxa6 10. Bg5 Nb8 11. Nd2 h6 12. Bh4 Be7 13. f4 Nfd7 14. Bxe7 Qxe7
15. a4 Nxe5 16. fxe5 Nc6 17. Qg4 Na5 18. Rf6 Kh7 19. Rf4 Rac8 20. Raf1 Rc7 21.
e4 cxd4 22. exd5 Qc5 23. Rxd4 exd5 24. b4 Qxc3 25. bxa5 Qe3+ 26. Kh1 Qxe5 27.
axb6 axb6 28. Nf3 Qe6 29. Qh5 Kg8 30. Re1 Qc6 31. Qxd5 Qxd5 32. Rxd5 Ra8 33.
Rd6 Rca7 34. Re4 b5 35. axb5 Ra1+ 36. Ne1 Rb1 37. Rd5 Raa1 38. Rde5 f6 39. Re8+
Kh7 40. h4 Rxb5 41. R8e7 f5 42. R4e5 Rb4 43. Rxf5 Rxh4+ 44. Kg1 Rg4 45. Kh2 Ra3
46. Re2 Rh4+ 47. Kg1 Ra1 48. Kf2 Rha4 49. Ree5 Rg4 50. Kf3 Rg6 51. Re3 Raa6 52.
Nd3 Raf6 53. Rf4 Rxf4+ 54. Nxf4 Rf6 55. Re7 Kg8 56. Ke4 Kf8 57. Rd7 Ra6 58. Ke5
Ra5+ 59. Ke6 Ra6+ 60. Rd6 Rxd6+ 61. Kxd6 Kf7 62. Ke5 g5 63. Nh5 Kg6 64. g4 1-0

[Event "Men Ch GroupA r_3"]
[Site "Albena BUL"]
[Date "2010.05.29"]
[Round "3.4"]
[White "Panajotov, Janko"]
[Black "Milchev, Nikolay"]
[Result "1/2-1/2"]
[WhiteElo "2192"]
[BlackElo "2354"]
[PlyCount "61"]
[EventDate "2010.05.27"]
[EventRounds "7"]
[EventCountry "BUL"]

1. e4 e5 2. Nf3 Nf6 3. Nc3 Nc6 4. Bb5 Bd6 5. d3 h6 6. h3 a6 7. Bxc6 dxc6 8. O-O
c5 9. Be3 Nd7 10. Nd2 Nf8 11. Nc4 Ne6 12. a4 g5 13. Nd5 Nf4 14. Bxf4 exf4 15.
e5 Be7 16. Qf3 Rb8 17. Rfe1 Be6 18. Nxe7 Qxe7 19. Nd2 Kf8 20. b3 Kg7 21. a5
Rhd8 22. Ra4 Bd5 23. Qg4 Be6 24. Qf3 Bd5 25. Qg4 Be6 26. Qf3 Bd5 27. Qh5 Bc6
28. Raa1 Bd5 29. Qg4 Be6 30. Qf3 Bd5 31. Qg4 1/2-1/2

[Event "Men Ch GroupA r_4"]
[Site "Albena BUL"]
[Date "2010.05.30"]
[Round "4.1"]
[White "Delchev, Aleksander"]
[Black "Badev, Kiril"]
[Result "1-0"]
[WhiteElo "2625"]
[BlackElo "2348"]
[PlyCount "35"]
[EventDate "2010.05.27"]
[EventRounds "7"]
[EventCountry "BUL"]

1. e4 c5 2. Nf3 e6 3. Nc3 d6 4. d4 cxd4 5. Nxd4 a6 6. Bd3 g6 7. f4 Bg7 8. Nf3
Ne7 9. O-O Nbc6 10. Qe1 Nb4 11. e5 Nxd3 12. cxd3 O-O 13. Ne4 Nf5 14. g4 Nh6 15.
h3 Kh8 16. Bd2 d5 17. Nf6 Ng8 18. Nxh7 1-0

[Event "Men Ch GroupA r_4"]
[Site "Albena BUL"]
[Date "2010.05.30"]
[Round "4.1"]
[White "Stoinev, Metodi"]
[Black "Iotov, Valentin"]
[Result "0-1"]
[WhiteElo "2295"]
[BlackElo "2569"]
[PlyCount "70"]
[EventDate "2010.05.27"]
[EventRounds "7"]
[EventCountry "BUL"]

1. e4 c5 2. Nf3 e6 3. Nc3 a6 4. d4 cxd4 5. Nxd4 Qc7 6. g3 Bb4 7. Nb3 Nf6 8. Bg2
Be7 9. O-O Nc6 10. f4 d6 11. Be3 O-O 12. Rf2 b5 13. a3 Bb7 14. Rd2 Rab8 15. g4
b4 16. axb4 Nxb4 17. g5 Nd7 18. Kh1 Rfe8 19. h4 d5 20. e5 Nb6 21. Bxb6 Qxb6 22.
Nd4 Nc6 23. Na4 Qa7 24. c3 Nxd4 25. Rxd4 Bc6 26. b4 Rec8 27. Qd2 Qc7 28. Nb2
Be8 29. Nd1 Ra8 30. Ra5 Qb7 31. c4 Bd8 32. Ra2 a5 33. bxa5 Rxa5 34. Rxa5 Bxa5
35. Qe3 Qb1 0-1

[Event "Men Ch GroupA r_4"]
[Site "Albena BUL"]
[Date "2010.05.30"]
[Round "4.1"]
[White "Nikolov, Momchil"]
[Black "Mishev, Liubomir"]
[Result "1/2-1/2"]
[WhiteElo "2553"]
[BlackElo "2189"]
[PlyCount "83"]
[EventDate "2010.05.27"]
[EventRounds "7"]
[EventCountry "BUL"]

1. d4 Nf6 2. c4 g6 3. Nc3 Bg7 4. e4 d6 5. f3 O-O 6. Bg5 Nc6 7. Nge2 a6 8. Qd2
Rb8 9. Rc1 Bd7 10. Nd1 e5 11. d5 Nd4 12. Nxd4 exd4 13. Qxd4 h6 14. Bxf6 Bxf6
15. Qd2 c6 16. dxc6 bxc6 17. Be2 Qb6 18. c5 dxc5 19. O-O Bd4+ 20. Kh1 Kg7 21.
b3 Rbd8 22. Nb2 f5 23. Bd3 Qc7 24. Na4 fxe4 25. Bxe4 Be6 26. Qc2 c4 27. Bxg6 c5
28. Be4 Be5 29. g3 Rd4 30. Rfd1 Rfd8 31. Rxd4 Rxd4 32. Rd1 Qd6 33. Nb2 Rxd1+
34. Nxd1 Qd4 35. Kg2 a5 36. bxc4 Bxc4 37. Ne3 Qxe3 38. Qxc4 Qd2+ 39. Kh3 Qd7+
40. Kg2 Qd2+ 41. Kf1 Qxh2 42. Qxc5 1/2-1/2

[Event "Men Ch GroupA r_4"]
[Site "Albena BUL"]
[Date "2010.05.30"]
[Round "4.1"]
[White "Karakehajov, Kalin"]
[Black "Petrov, Marijan"]
[Result "1/2-1/2"]
[WhiteElo "2505"]
[BlackElo "2545"]
[PlyCount "61"]
[EventDate "2010.05.27"]
[EventRounds "7"]
[EventCountry "BUL"]

1. e4 g6 2. d4 Bg7 3. Nc3 d6 4. Be3 Nf6 5. h3 O-O 6. g4 e5 7. dxe5 dxe5 8. g5
Nfd7 9. Qd2 c6 10. O-O-O Qe7 11. h4 Nc5 12. f3 Ne6 13. Qf2 Nd7 14. Kb1 b5 15.
Bh3 Rd8 16. Nge2 a5 17. Ng3 Nf4 18. Bxd7 Rxd7 19. Bc5 Qe8 20. h5 Rxd1+ 21. Nxd1
Ne6 22. hxg6 hxg6 23. Be3 Bd7 24. Ne2 Qe7 25. Nc1 Rf8 26. Rf1 Nd4 27. f4 c5 28.
Nd3 exf4 29. Bxd4 Bxd4 30. Qxf4 Bg7 31. Ne3 1/2-1/2

[Event "Men Ch GroupA r_4"]
[Site "Albena BUL"]
[Date "2010.05.30"]
[Round "4.1"]
[White "Ljangov, Petar"]
[Black "Velchev, Hristo"]
[Result "0-1"]
[WhiteElo "2118"]
[BlackElo "2310"]
[PlyCount "122"]
[EventDate "2010.05.27"]
[EventRounds "7"]
[EventCountry "BUL"]

1. e4 c5 2. Nc3 d6 3. f4 Nc6 4. Nf3 g6 5. g3 Bg7 6. Bg2 e6 7. O-O Nge7 8. d3
O-O 9. Be3 b6 10. Rb1 d5 11. Bd2 dxe4 12. Nxe4 Ba6 13. Bc3 Nd4 14. Nxd4 Bxd4+
15. Kh1 Nd5 16. Bd2 Rc8 17. Re1 Bg7 18. c4 Nc7 19. Qe2 Bb7 20. Nf6+ Bxf6 21.
Bxb7 Rb8 22. Be4 Bd4 23. b3 Qd6 24. Bg2 Rbd8 25. Rbd1 a5 26. a4 Bg7 27. Bc1 Na6
28. Bb7 Nb4 29. Ba3 Nc6 30. Bxc6 Qxc6+ 31. Qe4 Qc7 32. Bc1 Rd4 33. Qf3 Rd7 34.
Be3 Rfd8 35. Bf2 Rd6 36. Kg2 Qd7 37. Kf1 Rxd3 38. Rxd3 Qxd3+ 39. Qxd3 Rxd3 40.
Re3 Rxe3 41. Bxe3 f5 42. Ke2 Kf7 43. Kf3 e5 44. Bd2 Ke6 45. Be3 Bh6 46. Bd2
exf4 47. gxf4 Bg7 48. Be3 Bf6 49. Bf2 Kf7 50. Be1 Kg7 51. Bf2 Kh6 52. h3 Kh5
53. Bg3 Bh4 54. Bh2 Be7 55. Bg3 Bh4 56. Bh2 h6 57. Kg2 Bd8 58. Bg3 Bc7 59. Kf3
g5 60. Be1 Bxf4 61. Bc3 Kg6 0-1

[Event "Men Ch GroupA r_4"]
[Site "Albena BUL"]
[Date "2010.05.30"]
[Round "4.2"]
[White "Petkov, Vladimir"]
[Black "Grigorov, Grigor"]
[Result "1/2-1/2"]
[WhiteElo "2498"]
[BlackElo "2501"]
[PlyCount "79"]
[EventDate "2010.05.27"]
[EventRounds "7"]
[EventCountry "BUL"]

1. d4 Nf6 2. c4 e6 3. Nf3 b6 4. g3 Bb7 5. Bg2 Be7 6. O-O O-O 7. Re1 Ne4 8. Ne5
d5 9. cxd5 exd5 10. Nd2 Nxd2 11. Bxd2 Nd7 12. Nd3 Re8 13. Rc1 Nf8 14. b4 Ne6
15. e3 Bd6 16. a4 Ng5 17. b5 a6 18. Bb4 axb5 19. axb5 Ne4 20. Qb3 Bxb4 21. Nxb4
Qd6 22. Nc6 g6 23. Ne5 Re7 24. Ra1 Rxa1 25. Rxa1 Kg7 26. Ra7 Bc8 27. Qb2 Nf6
28. Qa3 Qxa3 29. Rxa3 Be6 30. Nc6 Rd7 31. Ra8 Ne4 32. f3 Nd6 33. Bf1 h5 34. Kf2
g5 35. h4 gxh4 36. gxh4 Nf5 37. Ne5 Re7 38. Nc6 Rd7 39. Ne5 Re7 40. Nc6 1/2-1/2

[Event "Men Ch GroupA r_4"]
[Site "Albena BUL"]
[Date "2010.05.30"]
[Round "4.2"]
[White "Janev, Evgeni"]
[Black "Drenchev, Petar"]
[Result "0-1"]
[WhiteElo "2475"]
[BlackElo "2492"]
[PlyCount "212"]
[EventDate "2010.05.27"]
[EventRounds "7"]
[EventCountry "BUL"]

1. e4 c5 2. Nf3 g6 3. c3 d5 4. exd5 Qxd5 5. Na3 Nf6 6. d4 Bg7 7. Bc4 Qe4+ 8.
Be3 O-O 9. O-O cxd4 10. Bxd4 Nc6 11. Re1 Qf5 12. Qe2 Qh5 13. h3 Nxd4 14. Nxd4
Qxe2 15. Rxe2 e6 16. Bb3 Rd8 17. Rd1 b6 18. Nab5 a6 19. Na3 b5 20. Nac2 Bb7 21.
Nb4 Rd6 22. a4 Nh5 23. axb5 Nf4 24. Red2 axb5 25. Nd3 Nxd3 26. Rxd3 b4 27. cxb4
Rb6 28. Bc4 Rxb4 29. b3 Rb6 30. Nb5 Bf6 31. Nd6 Bc6 32. Re1 Be7 33. Ne4 Bb4 34.
Re2 h6 35. Nf6+ Kg7 36. Ng4 Be8 37. Rd1 Rd6 38. Rb1 Rad8 39. Ne3 Bc6 40. Kf1
Rd2 41. Rc1 R2d6 42. Ra2 Be4 43. Be2 Rb6 44. Ra7 Rb7 45. Ra4 Bd5 46. Bc4 Bd2
47. Rc2 Bxe3 48. fxe3 Rxb3 49. Kf2 Bxc4 50. Raxc4 Rd5 51. Rf4 g5 52. Re4 Rf5+
53. Kg3 Kg6 54. h4 e5 55. hxg5 hxg5 56. Rf2 f6 57. Rf3 Rc3 58. Ra4 Rxf3+ 59.
Kxf3 f5 60. Ra6+ Kh5 61. g4+ fxg4+ 62. Kf2 g3+ 63. Kxg3 Rxe3+ 64. Kf2 Re4 65.
Kf3 Rf4+ 66. Kg3 Rg4+ 67. Kh3 Re4 68. Kg3 g4 69. Ra8 Re3+ 70. Kg2 Kg5 71. Rf8
Ra3 72. Kf2 Rb3 73. Kg2 e4 74. Re8 Kf4 75. Rf8+ Ke3 76. Rg8 Rb2+ 77. Kg3 Rb1
78. Kg2 Kd3 79. Rd8+ Ke2 80. Rd4 e3 81. Ra4 Rd1 82. Kg3 Kd3 83. Ra3+ Ke4 84.
Ra4+ Rd4 85. Ra3 Rc4 86. Rb3 Ra4 87. Kg2 Kf4 88. Kf1 Kf3 89. Rb1 Ra2 90. Kg1
Rg2+ 91. Kh1 Rd2 92. Kg1 Ke2 93. Kg2 Kd3+ 94. Kg3 Rc2 95. Rb5 Kd2 96. Rd5+ Ke1
97. Kxg4 Rf2 98. Kg3 Rf8 99. Ra5 e2 100. Kg2 Rg8+ 101. Kh2 Rg4 102. Kh3 Rg1
103. Kh2 Rg4 104. Kh3 Re4 105. Kg2 Kd2 106. Ra2+ Kc3 0-1